000 00826nam a2200253 a 4500
001 BRCA_3503
005 20190320204318.0
008 250709s1869----nyua---###---#000-0#eng-#
041 _aeng
044 _anyu
050 4 _aF786
_b.B76 1869
100 1 _aBrowne, John Ross
_d1821-1875.
_99113
245 1 0 _aAdventures in the Apache Country
_ba Tour Through Arizona and Sonora, with Notes on the Silver Regions of Nevada
_cby J. Ross Browne.
260 _aNew York
_bHarper and Brothers
_c1869
300 _a535 p.
_bil.
_c20 cm.
500 _aIncluye lista de ilustraciones
500 _aB88.
650 1 4 _aMinas de plata.
_99114
651 4 _aMéxico
_xDescripción y viajes.
_9103
651 4 _aSonora
_xDescripción y viajes.
_98194
651 4 _aArizona
_xDescripción y viajes.
_99115
902 _aGFM
942 _2lcc
_cB
999 _c3238
_d3238